000
00290nam a2200109Ia 4500
008
200302s9999 xx 000 0 und d
100
_a
Charanjit S. Shah
245
_a
Architectural Handbooks Series Bathrooms
260
_b
C B S Publishers & Distributors
260
_c
2002
300
_a
120 P.,
999
_c
2030
_d
2030